| 000 | 01095nam a22002657a 4500 | ||
|---|---|---|---|
| 005 | 20170706112501.0 | ||
| 010 | _a1617EN ENG-113245 | ||
| 020 |
_c350.00 _a9789385288029 |
||
| 020 |
_c399.00 (A.V.) _a9789385288029 |
||
| 035 | _aB-650850-865 | ||
| 035 | _aB-664684 | ||
| 035 | _aEN-96777 | ||
| 037 | _bBSB | ||
| 037 | _bDBAD/PUB | ||
| 082 | _a808.883 | ||
| 100 | _aSyed Mujtaba Ali | ||
| 245 |
_aIn a land far from home : _cby Syed Mujtaba Ali ; translated by Nazes Afroz _ba Bengali in Afghanistan / |
||
| 260 |
_aNew Delhi _bSpeaking Tiger _c2015 |
||
| 270 |
_a4381/4, Ansari Road, Daryaganj, _bNew Delhi _e110002 |
||
| 300 |
_axxiii,308p. _c21cm(pbk) |
||
| 700 | _aNazes Afroz | ||
| 942 |
_2ddc _cEN _mSYE _h808.883 |
||
| 999 |
_c94177 _d94177 |
||